Espèces de flamants - Statistiques

Statistiques générales
  • Ce quiz a été pris 4 fois
  • Le résultat moyen est 4 sur 6
Statistiques - réponses
Par images Réponse % Correct
Flamant rose
100%
Flamant nain
75%
Flamant de James
50%
Flamant des Caraïbes
50%
Flamant du Chili
50%
Flamant des Andes
25%
Aucun quiz correspondant
Distribution des résultats
% des personnes avec chaque résultat
Percentile par nombre de réponses
Votre historique - résultats
Vous n’avez pas pris ce quiz